| 000 | 01235cam a22003134a 4500 | ||
|---|---|---|---|
| 001 | 14784131 | ||
| 003 | PILC | ||
| 005 | 20150805160006.0 | ||
| 008 | 070326s2008 enka b 000 0 eng | ||
| 010 | _a 2007012285 | ||
| 020 | _a9780521692885 (teacher's manual) | ||
| 020 | _a9780521692878 (student's bk. w/ audio CD) | ||
| 020 | _a9780521692892 (CD's audio) | ||
| 040 |
_aDLC _cDLC _dDLC |
||
| 050 | 0 | 0 |
_aPE 1128 _b.J626t3 2008 |
| 100 | 1 |
_aJones, Leo, _d1943- |
|
| 245 | 1 | 0 |
_aLet's talk 3 : _bteacher's manual / _cLeo Jones. |
| 246 | 3 | 0 | _aLet's talk three |
| 250 | _a2nd ed. | ||
| 260 |
_aCambridge ; _aNew York : _bCambridge University Press, _c2008. |
||
| 300 |
_axiii, 236 p. : _bill. ; _c28 cm. + _e1 CD-ROM (4 3/4 in.) |
||
| 504 | _aIncludes bibliographical references. | ||
| 650 | 0 |
_aEnglish language _vTextbooks for foreign speakers. |
|
| 856 | 4 | 1 |
_3Table of contents only _uhttp://www.loc.gov/catdir/toc/ecip0714/2007012285.html |
| 856 | 4 | 2 |
_3Publisher description _uhttp://www.loc.gov/catdir/enhancements/fy0729/2007012285-d.html |
| 906 |
_a7 _bcbc _corignew _d1 _eecip _f20 _gy-gencatlg |
||
| 942 |
_2lcc _cBK |
||
| 999 |
_c288350 _d288350 |
||